| 000 | 00716nam a22002057a 4500 | ||
|---|---|---|---|
| 005 | 2010080608458.0 | ||
| 010 | _aENG-98653 | ||
| 020 |
_a9788190782107 _c115.00 |
||
| 035 | _aEN-82185 | ||
| 037 | _bDBAD/PUB | ||
| 082 | _a621.3981 | ||
| 100 |
_aKanimozhi, G. _99103 |
||
| 245 |
_aWireless data network / _cby G..Kanimozhi |
||
| 260 |
_aKaradacherry _bAruma Publications _c2008 |
||
| 270 |
_bKaradacherry _a35,Gandhi Colony _e613703 |
||
| 300 |
_a119p.: _c21cm (pbk) |
||
| 650 |
_aData Transmission System _99104 |
||
| 942 |
_2ddc _cEN _h621.3981 _mKAN |
||
| 999 |
_c39814 _d39814 |
||